Úloha ropy vo vybraných ekonomikách južnej Ameriky bakalárska práca

Gespeichert in:
Bibliographische Detailangaben
1. Verfasser: Čermanová, Katarína
Körperschaft: Fakulta medzinárodných vzťahov EU. Katedra medzinárodných ekonomických vzťahov a hospodárskej diplomacie
Weitere Verfasser: Zagoršeková, Natália, 1991-
Format: Buch
Sprache:Slowakisch
Veröffentlicht: Bratislava 2021
Tags: Tag hinzufügen
Keine Tags, Fügen Sie das erste Tag hinzu!

MARC

LEADER 00000nbm a2200000 4500
001 0275397
005 20220222101610.8
041 0 |a slo 
044 |a SK 
245 1 0 |a Úloha ropy vo vybraných ekonomikách južnej Ameriky  |b bakalárska práca  |c Katarína Čermanová ; školiteľ: Natália Zagoršeková 
264 1 |a Bratislava  |c 2021 
300 |a 46 s. 
100 1 |a Čermanová, Katarína 
700 1 |a Zagoršeková, Natália, 1991- 
710 2 |a Fakulta medzinárodných vzťahov EU. Katedra medzinárodných ekonomických vzťahov a hospodárskej diplomacie